Fictional Characters by Picture - C - Statistics

General Stats
  • This quiz has been taken 81,125 times
    48,786 since last reset
  • The average score is 14 of 20
Answer Stats
Picture Answer % Correct
Cinderella
97%
Catwoman
93%
Chewbacca
91%
Chucky
90%
Cookie Monster
89%
Casper the Friendly Ghost
87%
Cruella de Vil
87%
Charlie Brown
82%
Chandler Bing
75%
Clark Kent
72%
Chicken Little
71%
Charmander
67%
{Cheshire} Cat
64%
Cho Chang
64%
Chip
61%
Coraline
60%
Coco
56%
Conan the Barbarian
42%
Calvin
41%
Clarice Starling
37%
No matching quizzes found
Score Distribution
Percent of People with Each Score
Percentile by Number Answered
Your Score History
You have not taken this quiz since the last reset